European Capitals by Football (Soccer) Teams - Statistics

General Stats
  • This quiz has been taken 160 times
  • The average score is 23 of 40
Answer Stats
Teams Capital City % Correct
Ajax Amsterdam
97%
Benfica, Casa Pia, Sporting CP Lisbon
96%
Brentford, Chelsea, Fulham, Arsenal, Crystal Palace, West Ham United, Tottenham Hotspur London
94%
Austria ___, SK Rapid Vienna
94%
Anderlecht, Union SG, RWD Molenbeek Brussels
87%
Bohemians 1905, SK Slavia ___, AC Sparta ___ Prague
87%
CSKA, Dynamo, Lokomotiv, Spartak Moscow
85%
Real ___, Rayo Vallecano, Atlético ___ Madrid
79%
PSG Paris
79%
Lazio, ___ Rome
78%
Čukarički, IMT, Partizan, Red Star, Voždovac Belgrade
75%
Panathinaikos Athens
74%
Union ___ Berlin
68%
Shelbourne, St Patrick's Athletic, Bohemians, Shamrock Rovers Dublin
68%
Legia ___ Warsaw
67%
Djurgårdens IF, Hammarby IF, IF Brommapojkarna Stockholm
63%
Young Boys Bern
62%
Dinamo, FCSB, Rapid Bucharest
60%
Slovan Bratislava
59%
Ferencváros, MTK, Újpest Budapest
57%
CSKA 1948, CSKA ___ Sofia
54%
HJK, IF Gnistan Helsinki
50%
Fram, Fylkir, KR, Valur, Víkingur ___ Reykjavík
50%
Dinamo ___, Lokomotiva, Rudeš Zagreb
50%
Rabotnički, Makedonija, Vardar, Shkupi Skopje
48%
Bravo, Olimpija Ljubljana
45%
TransINVEST, Žalgiris Vilnius
40%
Dinamo ___, Isloch, FC ___ Minsk
36%
FCI Levadia, Flora, Nõmme Kalju, Nõmme United, ___ Kalev Tallinn
36%
Dacia Buiucani, Zimbru Chișinău
35%
Dynamo, Obolon Kiev
35%
Metta, RFS, ___ FC Riga
35%
Budućnost, Mladost DG Podgorica
34%
Esperança, Penya Encarnada Andorra la Vella
33%
___ Academy U22, Tre Penne San Marino
33%
FC Dinamo City, FK Partizani, KF ___ Tirana
33%
Željezničar, FK ___ Sarajevo
32%
FCK Copenhagen
21%
KFUM ___ Oslo
19%
Racing FC Luxembourg
18%
No matching quizzes found
Score Distribution
Percent of People with Each Score
Percentile by Number Answered
Your Score History
You have not taken this quiz